书目信息 |
| 题名: |
邓小平理论研究书系 邓小平思想方法论研究
|
|
| 作者: | 袁贵仁 , 宫敬才 著 | |
| 分册: | ||
| 出版信息: | 郑州 河南人民出版社 1998.12 |
|
| 页数: | 240页 | |
| 开本: | 32开 | |
| 丛书名: | ||
| 单 册: | ||
| 中图分类: | A849.1 | |
| 科图分类: | ||
| 主题词: | 毛泽东著作--学习 , 毛泽东著作研究 | |
| 电子资源: | ||
| ISBN: | 7-215-04406-8 | |
| 000 | 00706nam0 2200217 45 | |
| 001 | 0007251652 | |
| 005 | 20001002150613.2 | |
| 010 | @a7-215-04406-8@d12.00元 | |
| 100 | @a20000725d1998 km y0chiy0120 ea | |
| 101 | 0 | @achi |
| 105 | @a z 000yy | |
| 200 | 1 | @a邓小平理论研究书系 邓小平思想方法论研究@ADeng XiaoPing Li Lun Yan Jiu Shu Xi Deng Xiao Ping Si Xiang Fang Fa Lun Yan Jiu@f袁贵仁,宫敬才著@FYuan Gui Ren,Gong Jing Cai Zhu |
| 210 | @a郑州@c河南人民出版社@d1998.12 | |
| 215 | @a240页@d32开 | |
| 606 | 0 | @a毛泽东著作@x学习 |
| 606 | 0 | @a毛泽东著作研究 |
| 690 | @aA849.1@v3 | |
| 701 | 0 | @a袁贵仁@4著 |
| 701 | 0 | @a宫敬才@4著 |
| 801 | @aCN@bPftUser@c20000725 | |
| 905 | @dA849.1@eY705@b166729-730@f2 | |
| 邓小平理论研究书系 邓小平思想方法论研究/袁贵仁,宫敬才著.-郑州:河南人民出版社,1998.12 |
| 240页;32开 |
| ISBN 7-215-04406-8:12.00元 |
| ● |
| 相关链接 |
|
|
|
正题名:邓小平理论研究书系邓小平思想方法论研究
索取号:A849.1/Y705
 
预约/预借
| 序号 | 登录号 | 条形码 | 馆藏地/架位号 | 状态 | 备注 |
| 1 | 166729 | 201667295 | 社科库509/509社科库 6排1列4层/ [索取号:A849.1/Y705] | 在馆 | |
| 2 | 166730 | 201667302 | 社科库509/509社科库 6排1列4层/ [索取号:A849.1/Y705] | 在馆 |